Evaluation of four herbicides for control of broad leaf weeds in rubber (Record no. 47014)
[ view plain ]
| 000 -LEADER | |
|---|---|
| fixed length control field | 00581nam a2200217Ia 4500 |
| 100 ## - MAIN ENTRY--AUTHOR NAME | |
| Personal name | Pothen J |
| 245 #0 - TITLE STATEMENT | |
| Title | Evaluation of four herbicides for control of broad leaf weeds in rubber |
| 260 ## - PUBLICATION, DISTRIBUTION, ETC. (IMPRINT) | |
| Name of publisher | Indian Journal of Natural Rubber Research |
| Year of publication | 1988 |
| 300 ## - PHYSICAL DESCRIPTION | |
| Number of Pages | 53-56 |
| 650 ## - SUBJECT ADDED ENTRY--TOPICAL TERM | |
| Topical Term | Herbicides |
| 650 ## - SUBJECT ADDED ENTRY--TOPICAL TERM | |
| Topical Term | Herbicides |
| 650 ## - SUBJECT ADDED ENTRY--TOPICAL TERM | |
| Topical Term | Hevea brasiliensis |
| 650 ## - SUBJECT ADDED ENTRY--TOPICAL TERM | |
| Topical Term | Hevea brasiliensis |
| 650 ## - SUBJECT ADDED ENTRY--TOPICAL TERM | |
| Topical Term | Leaf weeds |
| 650 ## - SUBJECT ADDED ENTRY--TOPICAL TERM | |
| Topical Term | Leaf weeds |
| 700 ## - ADDED ENTRY--PERSONAL NAME | |
| Personal name | Mani J |
| 700 ## - ADDED ENTRY--PERSONAL NAME | |
| Personal name | Mathew M |
| 700 ## - ADDED ENTRY--PERSONAL NAME | |
| Personal name | Punnoose K I |
| 942 ## - ADDED ENTRY ELEMENTS (KOHA) | |
| Koha item type | Articles |
| Withdrawn status | Lost status | Damaged status | Not for loan | Home library | Current library | Shelving location | Date acquired | Serial Enumeration / chronology | Koha item type |
|---|---|---|---|---|---|---|---|---|---|
| Articles | RRII Library | RRII Library | Agronomy | 20/12/2021 | Volume 1, Issue 1 | Articles |